Cenizas de Izalco
Uloženo v:
| Hlavní autor: | |
|---|---|
| Médium: | Kniha |
| Jazyk: | Undetermined |
| Vydáno: |
San Salvador, El Salvador
U.C.A
1991
|
| Vydání: | 3 |
| Témata: | |
| Tagy: |
Přidat tag
Žádné tagy, Buďte první, kdo vytvoří štítek k tomuto záznamu!
|
MARC
| LEADER | 00000nam a2200000Ia 4500 | ||
|---|---|---|---|
| 008 | 170316s9999 xx 000 0 und d | ||
| 040 | |a cru BVZT | ||
| 090 | |a 860 F-4c | ||
| 100 | |a Flakell, Darwin et al. | ||
| 245 | |a Cenizas de Izalco | ||
| 250 | |a 3 | ||
| 260 | |a San Salvador, El Salvador | ||
| 260 | |b U.C.A | ||
| 260 | |c 1991 | ||
| 300 | |a 175 páginas | ||
| 650 | |a LITERATURA LATINOAMERICANA | ||
| 999 | |c 8663 |d 8663 | ||
| 942 | |c 15 D |h 860 F-4c |2 z | ||
